000 00521nam a22001817a 4500
005 20171106153431.0
010 _aENG-121245
020 _c200.00
_a9789350451281
035 _aEN-104777
037 _bDBAD/PUB
082 _a881
100 _aChaudhuri,Arunodaya
245 _aA women's verse /
_cby Arunodaya Chaudhari
260 _aCalcutta
_bA Writers Workshop Publication
_c2016
270 _a162/92 Lake Gardens
_bCalcutta
_e700045
300 _a112p.
_c22cm(Hb)
942 _2ddc
_cEN
_h881
_mCHA
999 _c147208
_d147208